Rejected Daily Trivia #16 - Statistics

General Stats
  • This quiz has been taken 48 times
  • The average score is 5 of 10
Answer Stats
Question Answer % Correct
How many different pieces are there in chess? 6
83%
Who composed the Four Seasons? Vivaldi
81%
What is the name of Mario's evil counterpart? Wario
71%
What is "A Tense Grey Cat Lays Very Low, Sneaking Slowly, Contemplating A Pounce" a mnemonic device for? Signs of the zodiac
64%
What is the maximum horsepower output of an average horse? 15
40%
When was the ballpoint pen first patented? 1888
40%
Which of these cooking fats has the lowest smoke point (or burning point)? Butter
36%
By percentage, what is the world's most forested country? Suriname
31%
What's the difference between gruel and porridge? Porridge is thicker
29%
Besides his writing, what is author Yukio Mishima known for? An attempted coup d'etat
26%
No matching quizzes found
Score Distribution
Percent of People with Each Score
Percentile by Number Answered
Your Score History
You have not taken this quiz